Datum a čas kvízu

38 Celkem bodů Celkový počet nahraných bodů na tomto kvízu bez doplňovacích otázek.
1. Pořadí na kvízu Konečné umístění týmu na tomto kvízu.

Zaznamenané odpovědi

# Otázka Odpověď Body Výsledky
1. Tato novinářka prošla celou p... Markéta Řeháková 0
2. Norský výbor se rozhodl letoš... z Íránu 1
3. Ve středu byla slavnostně zahá... Berlín, Benátky, Cannes 0
4. Ve středu byla v Berlíně předs... Škoda Kodiaq 0
5. Mezinárodní fotbalová federace... Španělsko, Portugalsko, Maroko 0.5
6. Téma o slavných trojicích, kte... Toyota, Nissan, Honda 0.5
7. Která tříčlenná kapela stojí z... Muse 0
8. Na začátku které slavné původn... Matrix 1
9. S naším tématem jistě souvisí... d'Artagnana 1
10. Které společné příjmení patří... Rachůnek 1